The Art of Computer Programming, Vol. 4, Fascicles 0-4 (5 Volume Set)
| Главный автор: | |
|---|---|
| Формат: | Неизвестно |
| Опубликовано: |
Addison-Wesley Professional
2009
|
| LEADER | 00253 a2200085 4500 | ||
|---|---|---|---|
| 020 | |a 9780321637130 | ||
| 100 | |a Donald E Knuth | ||
| 245 | |a The Art of Computer Programming, Vol. 4, Fascicles 0-4 (5 Volume Set) | ||
| 260 | |b Addison-Wesley Professional |c 2009 | ||
| 999 | |c 41726 |d 41726 | ||